000 00503nam a22001697a 4500
005 20251108164334.0
008 250721s1984 xx 000 0 ara d
082 1 4 _a394.3/محم
100 1 _aأبو عجمية، محمد رزق سمارة
_eإعداد
245 1 0 _aألعاب شعبية للأطفال :
_bمن التراث الفلسطيني /
264 1 _aعمان :
_c1984.
300 _a126ص
650 1 7 _aلعب الأطفال
650 1 7 _aاللعب
942 _2ddc
_cBK
999 _c9717
_d9717